Normal view
MARC view
- THERMAL ENGINEERING
Entry Topical Term
001 - CONTROL NUMBER
- control field: 56622
003 - CONTROL NUMBER IDENTIFIER
- control field: NUST
005 - DATE AND TIME OF LATEST TRANSACTION
- control field: 20210628201736.0
008 - FIXED-LENGTH DATA ELEMENTS
- fixed length control field: 210628|| aca||aabn | a|a d
040 ## - CATALOGING SOURCE
- Original cataloging agency: NUST
- Transcribing agency: NUST
150 ## - HEADING--TOPICAL TERM
- Topical term or geographic name entry element: THERMAL ENGINEERING
670 ## - SOURCE DATA FOUND
- Source citation: Work cat.: (NUST): Khurmi, R.S Gupta, J.K 56621, A text book of thermal engineering s.i units, 2000
